Organic synthesis: State of the Art 2003 - 2005

Shranjeno v:
Bibliografske podrobnosti
Glavni avtor: Taber, Douglass F.
Format: Knjiga
Jezik:Undetermined
Izdano: Hoboken, NJ John Wiley & Sons, Inc. 2006
Teme:
Oznake: Označite
Brez oznak, prvi označite!
Thư viện lưu trữ: Trung tâm Học liệu Trường Đại học Cần Thơ
LEADER 00565nam a2200205Ia 4500
001 CTU_123454
008 210402s9999 xx 000 0 und d
020 |c 1599000 
082 |a 547.2 
082 |b T113 
100 |a Taber, Douglass F. 
245 0 |a Organic synthesis: State of the Art 2003 - 2005 
245 0 |c Douglass F. Taber 
260 |a Hoboken, NJ 
260 |b John Wiley & Sons, Inc. 
260 |c 2006 
650 |a Organic compounds 
650 |x Synthesis,Research. 
904 |i Minh 
980 |a Trung tâm Học liệu Trường Đại học Cần Thơ